|
|
|
|
| LEADER |
00000nas a2200000 4500 |
| 001 |
ssj0008387 |
| 003 |
WaSeSS |
| 005 |
20200512172242.0 |
| 006 |
m d |
| 007 |
cr n |
| 008 |
760227c19649999ohumr p s 0 a0eng |
| 010 |
|
|
|a 66098382
|
| 022 |
|
|
|l 0002-2543
|y 0002-2543
|
| 032 |
|
|
|a 473150
|b USPS
|
| 035 |
|
|
|a (WaSeSS)ssj0008387
|
| 037 |
|
|
|b Nancy Graham, Circulation Account Manager, Air Transport World, The Penton Media Bldg., 1300 E. 9th St., Cleveland, Ohio 44114-1503
|
| 040 |
|
|
|a DLC
|b eng
|c KSU
|d NSD
|d OCL
|d NSD
|d IUL
|d PIT
|d DLC
|d NST
|d OCL
|d AIP
|d NSD
|d AIP
|d NST
|d NSD
|d NST
|d NSD
|d DLC
|d WAU
|d NSD
|d OCLCQ
|d NLGGC
|d OCLCQ
|d ORZ
|d OCLCF
|d OCLCO
|d GILDS
|d RDF
|d OCLCO
|d OCLCQ
|d OCLCO
|d ZAS
|d L2U
|d WaSeSS
|
| 042 |
|
|
|a pcc
|a nsdp
|
| 050 |
0 |
0 |
|a HE9761.1
|b .A45
|
| 210 |
0 |
|
|a Air transp. world
|
| 222 |
|
0 |
|a Air transport world
|
| 245 |
0 |
0 |
|a Air transport world
|h [electronic resource].
|
| 246 |
1 |
3 |
|a ATW
|f <May 2001->
|
| 260 |
|
|
|a Cleveland, Ohio,
|b Penton Media
|
| 310 |
|
|
|a Monthly
|
| 362 |
0 |
|
|a v. 1- May 1964-
|
| 500 |
|
|
|a "The magazine of world airline management."
|
| 506 |
|
|
|a License restrictions may limit access.
|
| 650 |
|
0 |
|a Aeronautics, Commercial
|v Periodicals.
|
| 650 |
|
7 |
|a 55.59 aviation: other.
|0 (NL-LeOCL)077605748
|2 bcl
|
| 650 |
|
7 |
|a Aeronautics, Commercial.
|2 fast
|0 (OCoLC)fst00798462
|
| 650 |
1 |
7 |
|a Luchtvervoer.
|2 gtt
|
| 655 |
|
0 |
|a Electronic journals.
|
| 770 |
0 |
|
|t ATW's airport equipment & technology
|x 1536-7789
|w (DLC) 2001207619
|w (OCoLC)46890716
|
| 850 |
|
|
|a DLC
|a GEU
|a MH-BA
|a MiD
|a MiDW
|a NN
|a OU
|a PPiU
|a WaU
|
| 853 |
2 |
0 |
|8 1
|a v.
|u 12
|v r
|i (year)
|w m
|
| 856 |
4 |
0 |
|z Full text available from Research Library: 01/01/1991 to 06/30/2017
|u https://search.proquest.com/publication/38030
|
| 863 |
4 |
1 |
|8 1.1
|a 14
|i 1977
|